Ricostruisci la Carriera del Calciatore - Justin Kluivert - Statistics

Statistiche generali
  • Questo quiz è stato fatto 3 volte
  • Il punteggio medio è 4 su 7
Statistiche sulle risposte
Hint Risposta % Corretto
2016-2018 Ajax
100%
2016-2017 Jong Ajax
100%
2023- Bournemouth
67%
2018-2020 Roma
67%
2020-2021 RB Lipsia
33%
2021-2022 Nizza
0%
2022-2023 Valencia
0%
Nessun quiz corrispondente trovato
Distribuzione punteggi
Percentuale di utenti per punteggio
Percentile per numero di risposta
I tuoi punteggi nel tempo
Non hai fatto questo quiz